000 00433nam a2200157 i 4500
001 32979
003 ES-MaACL
005 20230906154655.0
007 t|
008 030131s1924 fr ||||1| fre d
100 1 _aBernard, Jean-Jacques.
_928242
245 1 4 _aLes tendresses menacées /
_cJean-Jacques Bernard.
260 _aParis :
_b[s.n.,
_c1924] (
_fLouis Bellenaud)
300 _a188 p. ;
_c19 cm.
852 _aES-MaACL
_jF-13762
999 _c32979
_d32979